Puppet Chef and Ansible (Network Automation) - Statistics

General Stats
  • This quiz has been taken 6 times
  • The average score is 3 of 11
Answer Stats
Hint Answer % Correct
Configuration Instructions Playbook
60%
Programming Language Ruby
60%
Programming Language Ruby
60%
Programming Language YAML
60%
Contains a List of Devices Inventory
40%
Collection of Previous Cookbook
20%
Set of Instructions for a Specific Task Recipe
20%
Collection of Common Config Settings (made up of previous) Class
0%
Contains the Code (made up of previous) Manifest
0%
Group of files and directories (made up of previous) Module
0%
Basic Type of Manageable Data in a Node Resource
0%
No matching quizzes found
Score Distribution
Percent of People with Each Score
Percentile by Number Answered
Your Score History
You have not taken this quiz